Il nuovo Diritto costituzionale italiano / (Record no. 138721)

MARC details
000 -LEADER
campo de control de longitud fija 00469nam a2200157 4500
001 - NÚMERO DE CONTROL
campo de control 138721
003 - IDENTIFICADOR DE NÚMERO DE CONTROL
campo de control ES-MaACL
005 - FECHA Y HORA DE LA ÚLTIMA TRANSACCIÓN
campo de control 20230906195624.0
007 - CAMPO FIJO DE DESCRIPCIÓN FÍSICA--INFORMACIÓN GENERAL
campo de control de longitud fija t|
008 - DATOS DE LONGITUD FIJA--INFORMACIÓN GENERAL
campo de control de longitud fija 070214s1948 it r ||||1| ita d
100 1# - ENTRADA PRINCIPAL--NOMBRE DE PERSONA
Nombre de persona Santoni Rugiu, Mario.
9 (RLIN) 103450
245 13 - MENCIÓN DEL TÍTULO
Título Il nuovo Diritto costituzionale italiano /
Mención de responsabilidad, etc. Mario Santoni Rugiu.
260 ## - PUBLICACIÓN, DISTRIBUCIÓN, ETC.
Lugar de publicación, distribución, etc. Roma :
Nombre del editor, distribuidor, etc. Organizzazione Ed. Tip.,
Fecha de publicación, distribución, etc. 1948 (
Fabricante Apollon)
300 ## - DESCRIPCIÓN FÍSICA
Extensión 249 p. ;
Dimensiones 21 cm.
852 ## - LOCALIZACIÓN
Ubicación ES-MaACL
Número de control de estantería B-12795
Sublocalización o colección R.27186
Holdings
Estatus retirado Estado de pérdida Estado de daño No para préstamo Biblioteca de origen Biblioteca actual Ubicación en estantería Fecha de adquisición Fuente de adquisición Total de préstamos Signatura topográfica completa Código de barras Visto por última vez Precio de reemplazo Tipo de ítem Koha
        Biblioteca del Ateneo de Madrid Biblioteca del Ateneo de Madrid Sala Pardo Bazán 17/01/2008     B-12795 1144351 23/02/2023 23/02/2023 Libro impreso